Statistics for Medical Specialties Challenge

Click here to take the quiz!

General Stats

  • This quiz has been taken 69 times
  • The average score is 17 of 26

Answer Stats

HintMedical Field or Practitioner% Correct
Deals with the prevention, diagnosis, and treatment of cancerOncology / Oncologist
92%
Medical discipline that uses medical imaging to diagnose and treat diseasesRadiology / Radiologist
92%
Field pertaining to nerves and the nervous systemNeurology / Neurologist
89%
Deals with the health of the female reproductive system (vagina, uterus, and ovaries) and the breastsGynecology / Gynecologist
88%
Disorders of the skin, hair, nails, and mucous membranes.Dermatology / Dermatologist
85%
Deals with the disorders of the heart as well as some parts of the circulatory systemCardiology / Cardiologist
83%
Deals with mental health and its associated mental and physical ramificationsPsychiatry / Psychiatrist
80%
Diagnose and treatment of patients from infancy through adolescencePediatrics / Pediatrician
79%
Concentrated on pregnancy, childbirth, and the postpartum periodObstetrics / Obstetrician
77%
Cares for the male and female urinary tractUrology / Urologist
74%
Foot specialistsPodiatry / Podiatrist
71%
Pain relief for patients before, during, and after surgeryAnesthesiology / Anesthesiologist
68%
Study, diagnosis, prevention, and treatment of diseases, disorders, and conditions of the oral cavityDentistry / Dentist
68%
Medicine devoted to the diagnosis and therapy of rheumatic diseasesRheumatology / Rheumatologist
67%
Deals with the study of immune systemImmunology / Immunologist
65%
Deals with the prognosis, treatment, and prevention of diseases related to bloodHematology / Hematologist
64%
Deals with safe and effective medication usePharmacology / Pharmacist / Chemist
62%
Deals with the study and treatment of normal kidney function and kidney diseaseNephrology / Nephrologist
59%
Specialty involving the restoration, reconstruction, or alteration of the human bodyPlastic Surgery / Plastic Surgeon
59%
Study of the causes and nature of diseasesPathology / Pathologist
58%
Deals with the digestive system and its disordersGastroenterology / Gastroenterologist
55%
Deals with medical and surgical care of the eyesOphthalmology / Ophthalmologist
48%
The medical care of newborn infants, especially the ill or premature newbornNeonatology / Neonatologist
42%
Evaluates people for glasses and contact lensesOptometry / Optometrists
42%
Treats diseases of the heart, blood, kidneys, joints, digestive, respiratory, and vascular systemsInternal Medicine / Internist
39%
Deals with disorders of the rectum, anus, and colonProctology / Protologist
29%

Score Distribution

Percentile by Number Answered

Percent of People with Each Score

Your Score History

You have not taken this quiz